| 000 | 04018cam a22012734i 4500 | ||
|---|---|---|---|
| 003 | PE-LiUPU | ||
| 005 | 20250813185636.0 | ||
| 008 | 150706s2013 mx a r 000 0 d | ||
| 020 | _a9786071508461 | ||
| 035 | _a(Sirsi) i9786071508461 | ||
| 040 |
_aPE-LiUPU _bspa _cPE-LiUPU _erda |
||
| 049 | _aPRUA | ||
| 082 | 0 | 4 |
_a330.015 195 _bD67 _221 |
| 100 | 1 |
_aDíaz Mata, Alfredo, _eautor. |
|
| 245 | 1 | 0 |
_aEstadística aplicada a administración y la economía / _cAlfredo Díaz Mata ; revisión técnica, Jorgre Cardiel Hurtado, Jesús Zepeda Orozco. |
| 264 | 1 |
_aMéxico, D.F. : _bMcGraw-Hill, _c2013. |
|
| 300 |
_axxii, 609 páginas : _bilustraciones ; _c27 cm. |
||
| 336 |
_atext _2rdacontent |
||
| 337 |
_aunmediated _2rdamedia |
||
| 338 |
_avolume _2rdacarrier |
||
| 500 | _aEn la cubierta: "con aplicaciones para excel". | ||
| 505 | 0 | _aPresentación de datos: tablas y gráficas -- Medidas -- Introducción a la teoría de la probabilidad -- Distribuciones discretas (discontinuas) de probabilidad -- Distribuciones continuas de probabilidad -- Muestreo y distribuciones muestrales -- Estimación de parámetros -- Pruebas de hipótesis -- Pruebas de hipótesis para 2 poblaciones -- Pruebas de hipótesis con la distribución ji cuadrada -- Análisis de varianza -- Análisis de regresión y correlación lineal simple -- Análisis de regresión lineal múltiple -- Números índice -- Análisis de series de tiempo -- Pruebas estadísticas no paramétricas. | |
| 526 | _aP202 | ||
| 526 | _aP201 | ||
| 526 | _aP163 | ||
| 526 | _aP162 | ||
| 526 | _aP161 | ||
| 526 | _aP160 | ||
| 526 | _aP148 | ||
| 526 | _aP147 | ||
| 526 | _aP146 | ||
| 526 | _aP145 | ||
| 526 | _aP144 | ||
| 526 | _aP143 | ||
| 526 | _aP142 | ||
| 526 | _aP141 | ||
| 526 | _aP140 | ||
| 526 | _aP139 | ||
| 526 | _aP138 | ||
| 526 | _aP137 | ||
| 526 | _aP136 | ||
| 526 | _aP135 | ||
| 526 | _aP134 | ||
| 526 | _aP133 | ||
| 526 | _aP129 | ||
| 526 | _aP128 | ||
| 526 | _aP127 | ||
| 526 | _aP120 | ||
| 526 | _aP119 | ||
| 526 | _aP118 | ||
| 526 | _aP116 | ||
| 526 | _aP115 | ||
| 526 | _aP114 | ||
| 526 | _aP110 | ||
| 526 | _aP109 | ||
| 526 | _aP108 | ||
| 526 | _aP104 | ||
| 526 | _aP103 | ||
| 526 | _aP102 | ||
| 526 | _aP99 | ||
| 526 | _aP98 | ||
| 526 | _aP97 | ||
| 526 | _aP96 | ||
| 526 | _aP95 | ||
| 526 | _aP93 | ||
| 526 | _aP90 | ||
| 526 | _aP89 | ||
| 526 | _aP88 | ||
| 526 | _aP83 | ||
| 526 | _aP82 | ||
| 526 | _aP62 | ||
| 526 | _aP59 | ||
| 526 | _aP58 | ||
| 526 | _aP57 | ||
| 526 | _aP51 | ||
| 526 | _aP49 | ||
| 526 | _aP48 | ||
| 526 | _aP47 | ||
| 526 | _aP29 | ||
| 526 | _aP24 | ||
| 526 | _aP20 | ||
| 526 | _aP19 | ||
| 526 | _aP17 | ||
| 526 | _aP15 | ||
| 526 | _aP14 | ||
| 526 | _aP12 | ||
| 526 | _aP10 | ||
| 526 | _aP09 | ||
| 526 | _aP08 | ||
| 526 | _aP07 | ||
| 526 | _aP06 | ||
| 526 | _aP05 | ||
| 526 | _aP04 | ||
| 526 | _aP01 | ||
| 541 | _g001-000108; | ||
| 541 | _g043-0014556; | ||
| 650 | 0 | 4 |
_aAdministración _xEstadística aplicada. |
| 650 | 0 | 4 |
_aEconomía _xEstadítica aplicada. |
| 700 | 1 |
_aCardiel Hurtado, Jorge, _erevisión técnica. |
|
| 700 | 1 |
_aZepeda Orozco, Jesús, _erevisión técnica. |
|
| 910 |
_agl _cjck _d20131114 |
||
| 910 |
_ajck _cjck _d20150617 |
||
| 942 |
_2ddc _cBOOK |
||
| 949 |
_a330.015 195 D67 _wDEWEY _c1 _i69090 _lCCODEBUL1 _mBUL _p37.00 _r0 _sY _tBOOK _u2015-7-6 _xFCE _PP08 _o.STAFF. Colección General |
||
| 994 |
_aC0 _bPEPRU |
||
| 596 | _a1 | ||
| 999 |
_a330.015 195 D67 _wDEWEY _c56171 _i69090 _d56171 _e2018-10-17 _f2021-11-5 _g5 _lCCODEBUL1 _mBUL _n11 _p37.00 _r0 _sY _tBOOK _u2015-7-6 _xFCE _PP08 _0COMPRA _o.STAFF. Colección General |
||
| 999 |
_a330.015 195 D67 _wDEWEY _c2 _i71361 _d2018-10-17 _e2018-10-15 _f2021-11-5 _g6 _lCCODEBUL1 _mBUL _n9 _p27.00 _q3 _r0 _sY _tBOOK _u2015-8-10 _xFCE _PP08 _0COMPRA _o.STAFF. Colección General |
||
| 980 |
_81 _gALBERTO SANCHEZ Responsable de Automatización |
||